000 01241nac a22004450a 4500
001 PT51750
003 AR-LpoUNG
005 20210201005510.0
008 201001s1976||||sp |||||||||||||||||spa d
020 _a8471131978
_c$4
040 _aAR-LpoUNG
_bspa
_eaacr
041 _aspa
044 _asp
082 0 _aR920.02 844v4
100 1 _aGörlitz, Walter
245 1 0 _aHitler :
_bRamón y Cajal : Kennedy
250 _a1ra. ed.
260 _aBilbao :
_bMoretón,
_c1976.
300 _a424 p. :
_bfot.
_a(10
_fVolúmenes)
_3Impreso
490 0 _aGrandes Biografías
505 0 _aContenido: Hitler / Walter Görlitz - Ramón y Cajal / Federico Revilla - Kennedy / Federico Revilla
650 4 _aALEMANIA
650 4 _aANALISIS HISTORICO
650 4 _aANATOMIA
650 4 _aBIOGRAFIAS
650 4 _aESPAÑA
650 4 _aESTADOS UNIDOS
650 4 _aHISTOLOGIA
650 4 _aJEFES DE ESTADO
650 4 _aMATERIAL DE REFERENCIA
650 4 _aMEDICINA
650 4 _aMEDICOS
651 4 _aDOCUMENTOS TEORICOS O METODOLOGICOS
653 _aKENNEDY, JOHN FITZGERALD
653 _aRAMON Y CAJAL, SANTIAGO
700 1 _aAlbizu, J.L.
_etr.
700 1 _aRevilla, Federico
905 _a51750
942 _cLSALA
999 _c49886
_d49886